| 000 | 00716nam a22002297a 4500 | ||
|---|---|---|---|
| 005 | 20140328101638.0 | ||
| 008 | 931021s1992 be a b 000 0 eng | ||
| 020 | _a2870141718 | ||
| 041 | 0 | _aeng | |
| 080 | _a511.3 | ||
| 100 | 1 | _aDubois, Daniel. | |
| 245 | 1 | 0 |
_aHyperincursivity : _cDaniel Dubois, Germano Resconi ; foreword by Ian Larsen ; postface by Maurice Jessel. |
| 250 | _a1st ed. | ||
| 260 |
_aLiège : _bPresses universitaires de Liège, _c1992. |
||
| 300 |
_a260 f. : _bme il. ; _c24 cm. |
||
| 504 | _aBibliography : f. [253]-258. | ||
| 650 | 0 | _aMatematika | |
| 650 | 0 | _aTeoria e numrave | |
| 650 | 0 | _aTeoria e sistemit | |
| 700 | 1 | _aResconi, Germano. | |
| 942 |
_2udc _cBK |
||
| 999 |
_c401 _d401 |
||